MARC

LEADER 00000nam0a2200000 4500
001 287399
005 20231102000002.0
035 |a (RuTPU)RU\TPU\book\311798 
090 |a 287399 
100 |a 20150316d1984 k y0rusy5003 ca 
101 0 |a rus 
102 |a RU 
105 |a a z 001zy 
200 1 |a Механика грунтов и расчеты оснований и фундаментов по предельным состояниям  |f Научно-исследовательский институт оснований и подземных сооружений ; под ред. В. А. Ильичева 
210 |a Москва  |c Изд-во НИИОСП  |d 1984 
215 |a 215 с.  |c ил. 
225 1 |a Труды научно-исследовательского института оснований и подземных сооружений им. Н. М. Герсеванова  |a Вып. 82 
320 |a Библиография в конце статей 
606 1 |a Динамика грунтов  |2 stltpush  |3 (RuTPU)RU\TPU\subj\9509  |9 36740 
606 1 |a Основания и фундаменты  |x Расчет  |x Проектирование  |2 stltpush  |3 (RuTPU)RU\TPU\subj\68928  |9 83991 
610 1 |a механика 
610 1 |a грунты 
610 1 |a расчеты 
610 1 |a фундаменты 
610 1 |a предельные состояния 
610 1 |a нагрузки 
610 1 |a напряжения 
610 1 |a несущая способность 
675 |a 624.131.5  |z rus  |v 4 
675 |a 624.15.04  |z rus  |v 4 
702 1 |a Ильичев  |b В. А.  |g Вячеслав Александрович  |4 340 
712 0 2 |a Научно-исследовательский институт оснований и подземных сооружений  |2 stltpush  |3 (RuTPU)RU\TPU\col\8271  |9 24507 
801 0 |a RU  |b RuMRKP  |c 19950704  |g psbo 
801 1 |a RU  |b 63413507  |c 20150316 
801 2 |a RU  |b 63413507  |c 20170703  |g RCR 
942 |c BK